书目信息 |
| 书名: | The Speckled Monster | |
| 作者: | Jennifer Lee Carrell | |
| 分册号: | ||
| 分册名: | 出版地: | America |
|
| 出版社: | A PLUME BOOK | |
| 出版时间: | 2003 | |
| 页数: | 474p | |
| 开本: | 22cm | |
| 丛书名: | ||
| 中图分类号: | ||
| 科图分类号: | ||
| 其他分类号: | K936.9 | |
| 主题词: | ||
| 电子资源: | ||
| 000 | 00389nam0 2200145 450 | |
| 001 | 202012001934 | |
| 005 | 20121116083917.0 | |
| 008 | 12111601s | |
| 020 | @a9780452285071@c$16.00 | |
| 099 | @dK936.9@eJ541 | |
| 245 | 10 | @aThe Speckled Monster @cJennifer Lee Carrell |
| 260 | 0 | @aAmerica@bA PLUME BOOK@c2003 |
| 300 | @a474p@c22cm | |
| 905 | @b11732 | |
| 905 | @aTSG@dK936.9@eJ541 | |
| The Speckled Monster / Jennifer Lee Carrell.-America : A PLUME BOOK , 2003 |
| 474p ; 22cm |
| ISBN 9780452285071$16.00 |
| ● |
| 相关链接 |
|
|
|
正题名:The Speckled Monster
索取号:K936.9/J541
 
预约/预借
| 序号 | 登录号 | 条形码 | 馆藏地/架位号 | 状态 | 备注 |